Vykazovanie tržieb z dlhodobých zmlúv podľa IAS 11

Účtovné jednotky, ktoré sa zaoberajú poskytovaním služieb, alebo výrobou a výstavbou majetku pre iné subjekty, sa často stretávajú s otázkou, kedy by mali vykázať súvisiace tržby.

Uložené v:
Podrobná bibliografia
Hlavný autor: Tumpach, Miloš, 1970-
Médium: Kapitola
Jazyk:Slovak
Predmet:
Tagy: Pridať tag
Žiadne tagy, Buďte prvý, kto otaguje tento záznam!

MARC

LEADER 00000nla$a2200000$$$4500
001 0132531
005 20240502072511.7
041 0 |a slo 
044 |a SK 
245 1 0 |a Vykazovanie tržieb z dlhodobých zmlúv podľa IAS 11  |c Miloš Tumpach 
520 |a Účtovné jednotky, ktoré sa zaoberajú poskytovaním služieb, alebo výrobou a výstavbou majetku pre iné subjekty, sa často stretávajú s otázkou, kedy by mali vykázať súvisiace tržby. 
610 2 0 |a štandardy účtovné medzinárodné 
610 2 0 |a tržby 
610 2 0 |a zmluvy 
610 2 0 |a IAS 
100 1 |a Tumpach, Miloš, 1970-